000 00822nam a2200277Ia 4500
003 OSt
005 20221007111759.0
006 a|||||r|||| 00| 0
007 ta
008 221006b |||||||| |||| 00| 0 eng d
020 _a9788171947430
024 _a24,278
037 _cTextual
040 _aLCO
_cLCO
_beng
041 _2eng
_aeng
082 _aX72:(Z), Q1
100 _aSinghania V.K.
245 0 _aDirect Taxes
_b Law and Practice Covering Income-Tax and Wealth-Tax with Special Reference to Tax Planning 2009-10
250 _a46th
260 _aNew
_bDelhi Taxmann Publications (P.) Ltd. India
_c2011
300 _a1484
650 _aDIRECT TAXES
_9431678
700 _a Singhania K.
942 _hX72:(Z), Q1
_cTEXL
999 _c1193841
_d1193841